000 01065nam a2200265Ia 4500
003 OSt
005 20220923211301.0
006 a|||||r|||| 00| 0
007 ta
008 220922b |||||||| |||| 00| 0 hin d
020 _a9788179171271 (hbk)
_c275
024 _a265,358
037 _b405, 26/02/2013, Eastern Book Linkers
_cTextual
040 _aARTS
_cARTS
_bhin
041 _2hin
_ahin
082 _aW64N19, 152P9
100 _aबूर्दरों, रोजे; वर्मा, लाल बहादुर, अनु.
_9160153
245 0 _aफासीवादः सिद्धांत और व्यवहार
246 _aFāsīvādah siddhāanta aur vyavahāra
260 _aदिल्ली
_b ग्रंथ शिल्पी
_c2009
300 _a139पृ.
_ccm.
650 _aफासीवाद
942 _hW64N19, 152P9
_cTEXL
_2CC
999 _c298118
_d298118